[Event "Klaipeda-ch"]
[Site "Klaipeda"]
[Date "2013.01.28"]
[Round "3"]
[White "Beliajev, Dmitrij"]
[Black "Barsciauskas, Gintautas"]
[Result "1/2-1/2"]
[WhiteElo "2166"]
[BlackElo "1794"]
[PlyCount "142"]
[EventDate "2013.01.06"]
[EventType "tourn"]
[EventRounds "11"]
[EventCountry "LTU"]
[SourceTitle "EXT 2014"]
[Source "ChessBase"]
[SourceDate "2013.11.20"]
[SourceVersion "1"]
[SourceVersionDate "2013.11.20"]
[SourceQuality "1"]

1. e4 d6 2. d4 e5 3. Nf3 Bg4 4. Be3 Nf6 5. Nbd2 Nbd7 6. Be2 Be7 7. c3 0-0 8. Qc2 c6 9. h3 Bxf3 10. Bxf3 d5 11. exd5 Nxd5 12. Bxd5 cxd5 13. dxe5 Nxe5 14. 0-0 Nc4 15. Bd4 Bf6 16. Nxc4 dxc4 17. Rfd1 Bxd4 18. Rxd4 Qc7 19. Rad1 b5 20. Rd7 Qf4 21. R1d4 Qf6 22. Qd2 a6 23. R7d6 Qe5 24. R4d5 Qe4 25. f3 Qb1+ 26. Kh2 Qxa2 27. f4 Qb1 28. f5 Qe4 29. f6 Rfe8 30. Qg5 Qg6 31. Qf4 Qe4 32. Qg3 g6 33. Qg5 Qe3 34. Qxe3 Rxe3 35. Rxa6 Rae8 36. Rxb5 h6 37. Rc6 R3e6 38. Rxe6 Rxe6 39. Rc5 Rb6 40. Rxc4 Rxb2 41. Rc6 g5 42. Kg3 Kh7 43. c4 Kg6 44. c5 Rc2 45. Rc8 Kxf6 46. c6 Rc3+ 47. Kh2 Ke7 48. c7 Kd7 49. Rf8 Kxc7 50. Rxf7+ Kd8 51. Rf6 Ke7 52. Rxh6 Kf7 53. Rd6 Kg7 54. Kg1 Rc2 55. Rd3 Kg6 56. Kh2 Rc6 57. Kg3 Ra6 58. Kf3 Rb6 59. Ke4 Re6+ 60. Kd5 Re8 61. Rc3 Rd8+ 62. Ke6 Re8+ 63. Kd7 Re2 64. g4 Kg7 65. Rc5 Kg6 66. Rc6+ Kh7 67. Re6 Rd2+ 68. Rd6 Re2 69. Rd3 Kg6 70. Kd6 Re1 71. Kd5 Re8 1/2-1/2

[Event "Klaipeda Sea op 09th"]
[Site "Klaipeda"]
[Date "2012.07.25"]
[Round "3"]
[White "Petuchovas, Robertas"]
[Black "Beliajev, Dmitrij"]
[Result "1-0"]
[WhiteElo "1976"]
[BlackElo "2167"]
[PlyCount "87"]
[EventDate "2012.07.23"]
[EventType "swiss"]
[EventRounds "7"]
[EventCountry "LTU"]
[SourceTitle "EXT 2013"]
[Source "ChessBase"]
[SourceDate "2012.11.22"]
[SourceVersion "1"]
[SourceVersionDate "2012.11.22"]
[SourceQuality "1"]

1. d4 Nf6 2. c4 e6 3. Nf3 b6 4. Nc3 Bb7 5. g3 d5 6. Bg2 dxc4 7. Qa4+ Nbd7 8. Qxc4 Be7 9. 0-0 0-0 10. Bf4 c5 11. Rfd1 cxd4 12. Qxd4 Bc5 13. Qd3 Qe7 14. Bd6 Bxd6 15. Qxd6 Qxd6 16. Rxd6 Nc5 17. Ne5 Bxg2 18. Kxg2 Rfc8 19. Rad1 Nb7 20. R6d4 Kf8 21. Kf3 a6 22. Rd7 Nd8 23. R7d6 b5 24. Ne4 Nxe4 25. Kxe4 Nb7 26. Rb6 Nc5+ 27. Ke3 Rc7 28. Rc1 Rac8 29. Rxc5 Rxc5 30. Nd7+ Ke7 31. Nxc5 Rxc5 32. Rxa6 Rc2 33. b4 h5 34. h4 g6 35. a3 Kf6 36. Ra5 Ra2 37. Kd3 e5 38. Rxb5 Rxa3+ 39. Ke4 Ra6 40. Rxe5 Ra2 41. Kf4 Rb2 42. b5 Kg7 43. f3 Kf6 44. e4 1-0